Eastern and Southern Africa Map Quiz - Statistics

General Stats
  • This quiz has been taken 18 times
  • The average score is 15 of 21
Answers on the Map
Answers color-coded by a green-red scale on the quiz's map according to % correct below.
 
Answer Stats
Answer % Correct
Lesotho
82%
Madagascar
82%
Somalia
82%
South Africa
82%
Angola
73%
Botswana
73%
Djibouti
73%
Ethiopia
73%
Kenya
73%
Mozambique
73%
Sudan
73%
Uganda
73%
Burundi
64%
Eritrea
64%
Malawi
64%
Namibia
64%
Rwanda
64%
Swaziland
64%
Tanzania
64%
Zambia
55%
Zimbabwe
55%
No matching quizzes found
Score Distribution
Percent of People with Each Score
Percentile by Number Answered
Your Score History
You have not taken this quiz